Heterogeneity's Ruses some surprising effects of selection on popullation

Uložené v:
Podrobná bibliografia
Hlavný autor: Vaupel, James W.
Ďalší autori: Yashin, Anatoli I.
Médium: Kniha
Jazyk:English
Vydavateľské údaje: Laxenberg International Institute for Applied Systems Analysis 1986
Tagy: Pridať tag
Žiadne tagy, Buďte prvý, kto otaguje tento záznam!

MARC

LEADER 00000nam a2200000 4500
001 c034126
005 20221220073801.4
041 0 |a eng 
044 |a AT 
245 1 0 |a Heterogeneity's Ruses  |b some surprising effects of selection on popullation  |c James W. Vaupel, Anatoli I. Yashin 
264 1 |a Laxenberg  |b International Institute for Applied Systems Analysis  |c 1986 
300 |a S. 176-185 
500 |a Separát z: The American Statistician, vol. 39/1985 
100 1 |a Vaupel, James W. 
700 1 |a Yashin, Anatoli I.